000 00504nam a22001817a 4500
999 _c4072
_d4029
008 200302b ||||| |||| 00| | eng d
020 _a9789750510861
041 _atur
050 _aPL248.A637
100 _91180
_aAnar, İhsan Oktay
245 _aYedinci Gün
250 _a2. Baskı
260 _aİstanbul:
_bİletişim Yayınları,
_c2012
300 _a240 Sayfa
500 _aİletişim Yayınları: 1788; Çağdaş Türkçe Edebiyat: 249
650 0 _9145
_aTürk Edebiyatı
942 _2lcc
_cBK